00349 a2200097 4500001001000000005001700010008004100027245009600068100002500164773006200189ART_1098820260410161849.0260409a 10aEnfoques alternativos para el análisis del empleo en los países en vías de desarrollo1 aNeffa, Julio César0 tEconómicag- Año XXX, Nº 1 (ene./abr. 1984)wREV7541